| 000 | 00503nam a2200193Ia 4500 | ||
|---|---|---|---|
| 003 | GCL | ||
| 008 | 140319s9999 xx 000 0 eng d | ||
| 040 |
_aGCL / _cGCL |
||
| 082 | 0 | 4 |
_a574.526.4 _bM A |
| 100 | 1 | _aMISRA, G. S. | |
| 245 | 1 | 0 |
_aAGRICULTURAL POLLUTION / _cMISRA, G. S. |
| 700 | 1 | _aMANI, DINESH | |
| 260 |
_a[S.N] : _bASHISH PUBLISHING HOUSE ، _c1994 |
||
| 650 | 0 | 4 | _aENVIRONMENT |
| 650 | 0 | 4 | _aPOLLUTION |
| 650 | 0 | 4 | _aSOIL SCIENCE |
| 650 | 0 | 4 | _aAGRICULTURAL POLLUTION |
| 942 |
_2ddc _cBK |
||
| 999 |
_c20204 _d20204 |
||